[Event "Rated Blitz game"]
[Site "?"]
[Date "2021.01.18"]
[Round "?"]
[White "Quaritch79"]
[Black "Mettigel"]
[Result "1-0"]
[WhiteElo "2380"]
[BlackElo "2416"]
[PlyCount "71"]
[EventDate "2021.??.??"]
[EventType "blitz"]

1. e4 e5 2. Nf3 d5 3. exd5 Bd6 4. c4 Nf6 5. d3 c6 6. Bg5 cxd5 7. Nc3 d4 8. Ne4
Bb4+ 9. Nfd2 Nxe4 10. Bxd8 Nxd2 11. Bg5 Nb3+ 12. Ke2 Nxa1 13. Qxa1 O-O 14. Bd2
Bd6 15. f3 f5 16. b4 e4 17. c5 Be5 18. f4 Bf6 19. g3 e3 20. Be1 a5 21. b5 Nd7
22. Qc1 b6 23. Bg2 Rb8 24. cxb6 Nxb6 25. a4 Be6 26. Qa3 Rfc8 27. Bc6 Kf7 28.
Bxa5 Nd5 29. Rc1 Ne7 30. Bf3 Rxc1 31. Qxc1 Rc8 32. Qb2 Nd5 33. b6 Rb8 34. b7
Nc3+ 35. Bxc3 dxc3 36. Qb6 {Normal} 1-0

[Event "Rated Blitz game"]
[Site "?"]
[Date "2021.01.18"]
[Round "?"]
[White "james78"]
[Black "walodelpalo"]
[Result "0-1"]
[WhiteElo "2441"]
[BlackElo "2293"]
[PlyCount "82"]
[EventDate "2021.??.??"]
[EventType "blitz"]

1. e4 e5 2. Nf3 d5 3. Nxe5 Bd6 4. d4 dxe4 5. Bc4 Bxe5 6. dxe5 Qxd1+ 7. Kxd1 Nc6
8. Bf4 Nge7 9. Re1 Bf5 10. e6 fxe6 11. Bxc7 Nd5 12. Bg3 O-O 13. Nd2 Rad8 14.
Kc1 Ndb4 15. Nxe4 Rd4 16. Bd3 Rxd3 17. cxd3 Nxd3+ 18. Kd2 Nxe1 19. Rxe1 Rd8+
20. Kc3 Rd4 21. f3 b5 22. Bf2 Rc4+ 23. Kd2 Ne5 24. b3 Rc6 25. Rd1 Bxe4 26. fxe4
Ng4 27. Bg1 Rd6+ 28. Ke2 Rxd1 29. Kxd1 a6 30. Ke2 Kf7 31. h3 Ne5 32. Bd4 Nc6
33. Bc3 e5 34. Kf3 Ke6 35. g4 b4 36. Bb2 Nd4+ 37. Ke3 Nc6 38. Kd3 Kd6 39. Kc4
g6 40. Bc1 Nd4 41. Kxb4 Ne2 {Time forfeit} 0-1

[Event "Rated Rapid game"]
[Site "?"]
[Date "2021.01.18"]
[Round "?"]
[White "Feeling00Magaling"]
[Black "khalid_ontawar"]
[Result "0-1"]
[WhiteElo "2462"]
[BlackElo "2318"]
[PlyCount "42"]
[EventDate "2021.??.??"]
[EventType "rapid"]

1. e4 e5 2. Nf3 d5 3. Nxe5 Qe7 4. d4 f6 5. Ng4 dxe4 6. Ne3 Nc6 7. Be2 Bd7 8.
O-O O-O-O 9. c3 g5 10. Bg4 h5 11. Bxd7+ Qxd7 12. Qa4 Kb8 13. d5 Ne5 14. Qxe4
Bc5 15. c4 Nh6 16. Nc3 Nhg4 17. Nxg4 hxg4 18. Be3 Qd6 19. g3 Nf3+ 20. Qxf3 gxf3
21. Ne4 Qd7 {Normal} 0-1

[Event "Rated Blitz game"]
[Site "?"]
[Date "2021.01.18"]
[Round "?"]
[White "vldman"]
[Black "Mettigel"]
[Result "0-1"]
[WhiteElo "2400"]
[BlackElo "2415"]
[PlyCount "104"]
[EventDate "2021.??.??"]
[EventType "blitz"]

1. e4 e5 2. Nf3 d5 3. Nxe5 Bd6 4. d4 dxe4 5. Nc4 Nf6 6. Nc3 O-O 7. Be2 Re8 8.
O-O Nc6 9. Be3 Bf5 10. Nxd6 Qxd6 11. Qd2 a6 12. Bf4 Qd7 13. d5 Ne5 14. Rad1
Rad8 15. Bg5 Qd6 16. Qd4 c5 17. Qe3 Neg4 18. Qg3 h6 19. Bxg4 Qxg3 20. hxg3 Bxg4
21. Bxf6 gxf6 22. Rd2 f5 23. f3 Bh5 24. g4 fxg4 25. fxe4 Bg6 26. Re1 Re5 27.
Kf2 f5 28. exf5 Rxf5+ 29. Kg3 b5 30. Ne4 Kg7 31. Nxc5 Rdxd5 32. Rxd5 Rxd5 33.
Ne6+ Kf6 34. Nf4 Rd6 35. Nxg6 Kxg6 36. Kxg4 Rd4+ 37. Kf3 Rd2 38. Re6+ Kf5 39.
Rc6 h5 40. a3 Ke5 41. b3 Kd5 42. Rc8 Ke5 43. g3 Kf5 44. Rc5+ Kg6 45. Rc6+ Kf7
46. Rxa6 Rxc2 47. Kf4 Rc3 48. b4 Kg7 49. Ra5 Rc4+ 50. Kg5 Rg4+ 51. Kxh5 Rxg3
52. Rxb5 Rxa3 {Time forfeit} 0-1

[Event "Rated Blitz game"]
[Site "?"]
[Date "2021.01.18"]
[Round "?"]
[White "madcap_tr"]
[Black "Yatatu408Empire"]
[Result "0-1"]
[WhiteElo "2371"]
[BlackElo "2461"]
[PlyCount "148"]
[EventDate "2021.??.??"]
[EventType "blitz"]

1. e4 e5 2. Nf3 d5 3. Nxe5 Bd6 4. d4 dxe4 5. Bf4 Nf6 6. Nc3 O-O 7. Bc4 Nc6 8.
Nxc6 bxc6 9. Bg5 Re8 10. Qe2 Bf5 11. O-O-O h6 12. Bh4 g5 13. Bg3 Bg4 14. Qe3
Bxd1 15. Nxd1 Nd5 16. Bxd5 cxd5 17. h4 Qf6 18. hxg5 hxg5 19. Bxd6 cxd6 20. Qh3
Kf8 21. Ne3 Qxd4 22. Qh6+ Qg7 23. Qh8+ Qxh8 24. Rxh8+ Kg7 25. Rxe8 Rxe8 26.
Nxd5 f5 27. Kd2 f4 28. c4 Rc8 29. Kc3 Kf7 30. b4 Ke6 31. Kd4 Rc6 32. a4 Rc8 33.
a5 f3 34. g3 g4 35. b5 Rh8 36. b6 axb6 37. Nxb6 Rh1 38. Kxe4 Ra1 39. Kf4 Ra2
40. Kxg4 Rxf2 41. a6 Ra2 42. Kxf3 Rxa6 43. Nd5 Ra4 44. Ne3 Ke5 45. g4 Ra3 46.
g5 Rb3 47. g6 Kf6 48. Ke4 Kxg6 49. Nf5 Rb6 50. Ne7+ Kf7 51. Nf5 Ke6 52. Nd4+
Kd7 53. Kd5 Rb1 54. Nb5 Rd1+ 55. Nd4 Rd2 56. Ke4 Ke7 57. Kd5 Rd1 58. Ke4 Rh1
59. Nb5 Rh5 60. Kd4 Ke6 61. Ke4 Rh4+ 62. Kd3 Kd7 63. Nd4 d5 64. Ne2 dxc4+ 65.
Kc3 Kc6 66. Nd4+ Kc5 67. Nc2 Rh3+ 68. Kb2 Rh2 69. Kc1 c3 70. Kb1 Kc4 71. Ka2
Rxc2+ 72. Ka1 Rh2 73. Kb1 Kb3 74. Ka1 Rh1# {Normal} 0-1

[Event "Rated Blitz game"]
[Site "?"]
[Date "2021.01.18"]
[Round "?"]
[White "MarineLePen_FR"]
[Black "Mettigel"]
[Result "0-1"]
[WhiteElo "2327"]
[BlackElo "2414"]
[PlyCount "70"]
[EventDate "2021.??.??"]
[EventType "blitz"]

1. e4 e5 2. Nf3 d5 3. exd5 Bd6 4. d3 Nf6 5. c4 c6 6. dxc6 Nxc6 7. Nc3 h6 8. Be2
O-O 9. O-O Bf5 10. a3 Nd4 11. Nxd4 exd4 12. Nb5 Bb8 13. a4 a6 14. Na3 Re8 15.
Bf3 Ra7 16. b4 b6 17. b5 a5 18. Bb2 Rae7 19. Nc2 Qc7 20. g3 Bh3 21. Re1 Rxe1+
22. Nxe1 Qc5 23. Nc2 Be5 24. Qd2 h5 25. Bc6 Re6 26. f4 Bb8 27. Bxd4 Qe7 28. Re1
Ng4 29. Bxb6 Ba7 30. Bxa7 Qxa7+ 31. d4 Qe7 32. Rxe6 Qxe6 33. d5 Qd6 34. Qd4 Qe7
35. b6 Qe2 {Time forfeit} 0-1

[Event "Rated Blitz tournament 8nq0bYWB"]
[Site "?"]
[Date "2021.01.18"]
[Round "?"]
[White "Mr_Guardian"]
[Black "vovaches"]
[Result "0-1"]
[WhiteElo "2256"]
[BlackElo "2561"]
[PlyCount "80"]
[EventDate "2021.??.??"]
[EventType "blitz"]

1. e4 e5 2. Nf3 d5 3. Nxe5 Bd6 4. d4 dxe4 5. Bc4 Bxe5 6. Qh5 Qe7 7. Qxe5 Qxe5
8. dxe5 Nc6 9. Bf4 Nge7 10. Bb5 Bd7 11. Nc3 Ng6 12. Bxc6 Bxc6 13. Bg3 O-O-O 14.
O-O Rd2 15. Rac1 h5 16. h4 Re8 17. Rfe1 f5 18. exf6 gxf6 19. Re2 Red8 20. Rce1
Rxe2 21. Rxe2 f5 22. Re1 f4 23. Bh2 Rd2 24. Re2 Rd4 25. Kf1 b5 26. a3 a5 27.
Ke1 b4 28. axb4 axb4 29. Nd1 Nxh4 30. f3 exf3 31. gxf3 Nxf3+ 32. Kf2 Nxh2 33.
Re1 Ng4+ 34. Ke2 f3+ 35. Kf1 Rd2 36. Ne3 Bb5+ 37. c4 bxc3+ 38. Kg1 f2+ 39. Kg2
fxe1=Q+ 40. Kh3 Rh2# {Normal} 0-1

[Event "Rated Blitz game"]
[Site "?"]
[Date "2021.01.18"]
[Round "?"]
[White "Opticica"]
[Black "Jomajo"]
[Result "1/2-1/2"]
[WhiteElo "2529"]
[BlackElo "2662"]
[PlyCount "91"]
[EventDate "2021.??.??"]
[EventType "blitz"]

1. e4 e5 2. Nf3 d5 3. Nxe5 Bd6 4. d4 dxe4 5. Nc3 Bxe5 6. dxe5 Qxd1+ 7. Nxd1 Nc6
8. Bf4 Nge7 9. Nc3 Ng6 10. Bg3 Ncxe5 11. Nxe4 f5 12. Bxe5 Nxe5 13. Nc3 c6 14.
O-O-O O-O 15. f4 Ng4 16. Bc4+ Kh8 17. Rd2 Re8 18. h3 Ne3 19. Re1 Bd7 20. Bf7
Re7 21. Rxe3 Rxf7 22. Rde2 h6 23. Nd1 Kg8 24. Nf2 c5 25. Nd3 Bb5 26. Re7 Bxd3
27. cxd3 Rd8 28. Kc2 Rd4 29. g3 b6 30. R2e5 g6 31. R7e6 Kg7 32. Rc6 Rfd7 33.
Ree6 Rxd3 34. Rxg6+ Kf7 35. Rxh6 Rd2+ 36. Kc3 R7d3+ 37. Kc4 Rd4+ 38. Kc3 R2d3+
39. Kc2 Rd2+ 40. Kc3 R4d3+ 41. Kc4 Rd4+ 42. Kc3 R4d3+ 43. Kc4 Rd4+ 44. Kc3
R4d3+ 45. Kc4 Rd4+ 46. Kc3 {Normal} 1/2-1/2

[Event "Rated Blitz game"]
[Site "?"]
[Date "2021.01.18"]
[Round "?"]
[White "lanieta"]
[Black "zzZ-JUN-Zzz"]
[Result "1-0"]
[WhiteElo "2418"]
[BlackElo "2321"]
[PlyCount "51"]
[EventDate "2021.??.??"]
[EventType "blitz"]

1. e4 e5 2. Nf3 d5 3. exd5 e4 4. Ne5 Qxd5 5. d4 exd3 6. Nxd3 Bf5 7. Nc3 Qe6+ 8.
Be3 Nc6 9. Nf4 Qe5 10. Bb5 Bd6 11. Nd3 Qe7 12. Qf3 Bd7 13. Nd5 Qh4 14. O-O-O
Nge7 15. Nxe7 Qxe7 16. Rhe1 O-O 17. Bf4 Qf6 18. Bxd6 Qxd6 19. Nf4 Qc5 20. Rd5
Qb6 21. Bd3 Rad8 22. Bxh7+ Kxh7 23. Qd3+ Kg8 24. Rh5 f5 25. Qc4+ Rf7 26. Ng6 {
Time forfeit} 1-0

[Event "Rated Blitz game"]
[Site "?"]
[Date "2021.01.18"]
[Round "?"]
[White "kingsolver2018"]
[Black "Schachelite"]
[Result "1-0"]
[WhiteElo "2368"]
[BlackElo "2422"]
[PlyCount "73"]
[EventDate "2021.??.??"]
[EventType "blitz"]

1. e4 e5 2. Nf3 d5 3. Nxe5 Bd6 4. d4 dxe4 5. Bf4 Nf6 6. Bc4 O-O 7. O-O Nc6 8.
Nxc6 bxc6 9. Bg5 h6 10. Bh4 Re8 11. Nc3 c5 12. dxc5 Bxc5 13. Qxd8 Rxd8 14. Bxf6
gxf6 15. Nxe4 Be7 16. Rad1 Bf5 17. Bd3 Bxe4 18. Bxe4 Rxd1 19. Rxd1 Rd8 20.
Rxd8+ Bxd8 21. f3 Kf8 22. Kf2 Ke7 23. Ke3 Kd6 24. Kd4 f5 25. Bxf5 Bf6+ 26. Ke4
Bxb2 27. Bc8 Ke7 28. Kf5 Bc3 29. h4 Bd2 30. h5 f6 31. Kg6 Bf4 32. g3 Be3 33. f4
Bf2 34. Kxh6 Bxg3 35. f5 Kf7 36. Be6+ Kf8 37. Kg6 {Normal} 1-0

[Event "Rated Blitz game"]
[Site "?"]
[Date "2021.01.18"]
[Round "?"]
[White "DaniENP"]
[Black "Schachelite"]
[Result "0-1"]
[WhiteElo "2436"]
[BlackElo "2426"]
[PlyCount "66"]
[EventDate "2021.??.??"]
[EventType "blitz"]

1. e4 e5 2. Nf3 d5 3. Nxe5 Bd6 4. d4 dxe4 5. Nc4 Nf6 6. Be2 Nc6 7. O-O Nxd4 8.
Nxd6+ Qxd6 9. Be3 Nxe2+ 10. Qxe2 O-O 11. c4 Bg4 12. Qc2 c5 13. Nc3 Qc6 14. h3
Bh5 15. Bg5 Rfe8 16. Bxf6 Qxf6 17. Nd5 Qe5 18. Rfe1 Rad8 19. Qa4 a6 20. Qb3 b5
21. Ne3 Rd3 22. Qc2 Red8 23. cxb5 axb5 24. a4 Rd2 25. Qc1 Qf4 26. Rf1 Be2 27.
Qxc5 Bxf1 28. Rxf1 bxa4 29. Qa5 h6 30. Qxa4 Rxb2 31. Qa5 Rdd2 32. Qa8+ Kh7 33.
Nc4 Rxf2 {Normal} 0-1

[Event "Rated Blitz game"]
[Site "?"]
[Date "2021.01.18"]
[Round "?"]
[White "SrJingles"]
[Black "pasha1984"]
[Result "1-0"]
[WhiteElo "2447"]
[BlackElo "2379"]
[PlyCount "89"]
[EventDate "2021.??.??"]
[EventType "blitz"]

1. e4 e5 2. Nf3 d5 3. exd5 e4 4. Qe2 Nf6 5. d3 Qxd5 6. Nc3 Bb4 7. Bd2 Bxc3 8.
Bxc3 O-O 9. dxe4 Nxe4 10. Rd1 Nxc3 11. Rxd5 Nxe2 12. Bxe2 Re8 13. O-O Be6 14.
Rd2 Nc6 15. Bb5 Red8 16. Rfd1 Rxd2 17. Rxd2 Ne7 18. h3 c6 19. Be2 Bd5 20. c4
Be6 21. Ng5 Bf5 22. g4 h6 23. gxf5 hxg5 24. f6 gxf6 25. Rd7 Nf5 26. Bg4 Nh6 27.
Rxb7 a5 28. Rb6 f5 29. Bf3 Rd8 30. Rxc6 Kg7 31. Bd5 Rd7 32. Ra6 f4 33. Rxa5 Nf5
34. b4 Nd4 35. b5 Re7 36. Kf1 Re2 37. b6 Rb2 38. b7 f3 39. Kg1 Ne2+ 40. Kh2 Nd4
41. Kg3 Rb1 42. Bxf3 Rg1+ 43. Bg2 f5 44. Kh2 Rb1 45. Ra8 {Normal} 1-0

[Event "Rated Blitz game"]
[Site "?"]
[Date "2021.01.18"]
[Round "?"]
[White "HansSchmidt"]
[Black "Jomajo"]
[Result "1-0"]
[WhiteElo "2867"]
[BlackElo "2667"]
[PlyCount "97"]
[EventDate "2021.??.??"]
[EventType "blitz"]

1. e4 e5 2. Nf3 d5 3. d4 dxe4 4. Nxe5 Bd6 5. Nc3 Bxe5 6. dxe5 Qxd1+ 7. Nxd1 Nc6
8. Bf4 Nge7 9. Nc3 Ng6 10. Bg3 Ncxe5 11. h4 h5 12. O-O-O Bd7 13. Nxe4 O-O-O 14.
f3 Bc6 15. Rxd8+ Rxd8 16. Nc3 f5 17. Be2 f4 18. Bf2 a6 19. b3 Rd7 20. Re1 Kd8
21. a4 Re7 22. a5 Kc8 23. Kb2 Nf8 24. Nb1 Nfg6 25. Nd2 Nf7 26. c4 Nd6 27. Bd3
Rxe1 28. Bxe1 Ne5 29. Bc2 Bd7 30. Ne4 Nf5 31. Nc5 Ne3 32. Bc3 Nc6 33. Bxg7 Nxg2
34. Bf6 Be8 35. Kc3 b6 36. Bf5+ Kb8 37. axb6 cxb6 38. Nxa6+ Kb7 39. Nb4 Nxb4
40. Kxb4 Kc6 41. Bg5 Kb7 42. Bh3 Ne1 43. Bxf4 Nd3+ 44. Kc3 Nxf4 45. Bf5 Bc6 46.
Kd4 Bxf3 47. Ke3 Ng2+ 48. Kf2 Nxh4 49. Bh3 {Time forfeit} 1-0

[Event "Rated Blitz game"]
[Site "?"]
[Date "2021.01.18"]
[Round "?"]
[White "emiliofelixramirez"]
[Black "jsequera"]
[Result "1-0"]
[WhiteElo "2416"]
[BlackElo "2394"]
[PlyCount "49"]
[EventDate "2021.??.??"]
[EventType "blitz"]

1. e4 e5 2. Nf3 d5 3. exd5 e4 4. Qe2 f5 5. d3 Nf6 6. Nc3 Bb4 7. Nd2 O-O 8. dxe4
fxe4 9. Qb5 Bxc3 10. bxc3 Nxd5 11. Bc4 c6 12. Qb3 Be6 13. Qxb7 e3 14. fxe3 Qg5
15. Nf3 Qxg2 16. Rf1 Rxf3 17. Rxf3 Qxf3 18. Qxa8 Qh1+ 19. Kd2 Qxh2+ 20. Kd3 Qd6
21. Ba3 Nb4+ 22. Ke4 Bxc4 23. Bxb4 Bd5+ 24. Kd4 c5+ 25. Bxc5 {Time forfeit} 1-0

[Event "Rated Blitz game"]
[Site "?"]
[Date "2021.01.18"]
[Round "?"]
[White "WhisperingXylophone"]
[Black "GrandeGila"]
[Result "1-0"]
[WhiteElo "2457"]
[BlackElo "2355"]
[PlyCount "61"]
[EventDate "2021.??.??"]
[EventType "blitz"]

1. e4 e5 2. Nf3 d5 3. Nc3 dxe4 4. Nxe4 f5 5. Nc3 e4 6. Ng1 Nf6 7. Bc4 Bc5 8.
Nge2 Nc6 9. O-O Qe7 10. d3 Be6 11. Bxe6 Qxe6 12. d4 Bb6 13. d5 Nxd5 14. Qxd5
Qxd5 15. Nxd5 O-O-O 16. Nxb6+ axb6 17. Bg5 Rd7 18. Rad1 Rf7 19. h4 h6 20. Bf4
g5 21. hxg5 hxg5 22. Bxg5 Rfh7 23. Ng3 Ne5 24. Rd5 Nf3+ 25. gxf3 exf3 26. Rfd1
c6 27. Rd8+ Rxd8 28. Rxd8+ Kc7 29. Nxf5 Rh5 30. Rg8 Rxg5+ 31. Rxg5 {Normal} 1-0

[Event "Rated Blitz game"]
[Site "?"]
[Date "2021.01.18"]
[Round "?"]
[White "rumiek"]
[Black "Mettigel"]
[Result "0-1"]
[WhiteElo "2402"]
[BlackElo "2404"]
[PlyCount "82"]
[EventDate "2021.??.??"]
[EventType "blitz"]

1. e4 e5 2. Nf3 d5 3. Nc3 d4 4. Ne2 Bd6 5. Ng3 g6 6. Bc4 f6 7. d3 c5 8. h4 h5
9. Ng1 Ne7 10. N1e2 Nbc6 11. a3 b5 12. Ba2 a6 13. O-O Qc7 14. c3 Bd7 15. b4 Qb6
16. cxd4 cxd4 17. f4 Bg4 18. Qb3 O-O-O 19. Bd2 Kb7 20. a4 f5 21. exf5 Nxf5 22.
Nxf5 gxf5 23. Ng3 exf4 24. Bxf4 Bxb4 25. axb5 axb5 26. Rab1 Rh7 27. Qe6 Re7 28.
Qf6 Bc3 29. Bc4 b4 30. Ra1 Bxa1 31. Rxa1 Ra8 32. Rb1 Ra5 33. Nf1 Rc5 34. Nd2
Rd7 35. Be6 Rd8 36. Nc4 Rxc4 37. Bxc4 Qc5 38. Bb5 Qxb5 39. Qe7+ Nxe7 40. Rxb4
Qxb4 41. Kh2 Qe1 {Normal} 0-1

[Event "Rated Blitz game"]
[Site "?"]
[Date "2021.01.18"]
[Round "?"]
[White "elgalgo2017"]
[Black "KyrgyzGM"]
[Result "1-0"]
[WhiteElo "2516"]
[BlackElo "2398"]
[PlyCount "103"]
[EventDate "2021.??.??"]
[EventType "blitz"]

1. e4 e5 2. Nf3 d5 3. exd5 e4 4. Qe2 f5 5. d3 Nf6 6. dxe4 fxe4 7. Nc3 Bb4 8.
Qb5+ Nc6 9. dxc6 Bxc3+ 10. bxc3 bxc6 11. Qe5+ Kf7 12. Bc4+ Kf8 13. Ng5 Qd6 14.
Qxd6+ cxd6 15. Nf7 d5 16. Nxh8 dxc4 17. Bg5 Nd5 18. O-O-O Kg8 19. Rhe1 Bf5 20.
f3 exf3 21. gxf3 Kxh8 22. Rd4 h6 23. Bh4 Nb6 24. Re7 a5 25. Bg3 Nd5 26. Rb7 Re8
27. Kd2 Bg6 28. Rxc4 Bh5 29. Re4 Rd8 30. Rd4 Re8 31. c4 Nb4 32. a3 c5 33. Rh4
Bxf3 34. Rb8 Rxb8 35. Bxb8 Nc6 36. Bd6 Bg2 37. Bxc5 Kh7 38. Rf4 g5 39. Rf6 Ne5
40. Bd4 Nxc4+ 41. Kc3 Nxa3 42. Rb6 Be4 43. Kb2 Nxc2 44. Re6 Bf5 45. Re7+ Kg6
46. Rg7+ Kh5 47. Rf7 Kg4 48. Bc3 h5 49. Ra7 h4 50. Rxa5 Ne3 51. Ra4+ Kf3 52.
Bd2 {Time forfeit} 1-0

[Event "Rated Blitz game"]
[Site "?"]
[Date "2021.01.18"]
[Round "?"]
[White "Plattfuss"]
[Black "batasjon"]
[Result "1/2-1/2"]
[WhiteElo "2407"]
[BlackElo "2361"]
[PlyCount "50"]
[EventDate "2021.??.??"]
[EventType "blitz"]

1. e4 e5 2. Nf3 d5 3. exd5 e4 4. Qe2 Nf6 5. d3 Qxd5 6. Nbd2 Nc6 7. dxe4 Qh5 8.
Qb5 Bc5 9. Nb3 Nxe4 10. Nxc5 Qxc5 11. Qxc5 Nxc5 12. Be3 Ne6 13. O-O-O Bd7 14.
Bb5 O-O-O 15. Rhe1 h6 16. a3 a6 17. Bc4 Rde8 18. h4 Ned8 19. Nd4 Ne5 20. Be2
Ng4 21. Bxg4 Bxg4 22. f3 Bd7 23. Bf4 Ne6 24. Nxe6 Rxe6 25. Rxe6 Bxe6 {Normal}
1/2-1/2

[Event "Rated Blitz game"]
[Site "?"]
[Date "2021.01.18"]
[Round "?"]
[White "bluepower"]
[Black "Yatatu408Empire"]
[Result "0-1"]
[WhiteElo "2309"]
[BlackElo "2460"]
[PlyCount "82"]
[EventDate "2021.??.??"]
[EventType "blitz"]

1. e4 e5 2. Nf3 d5 3. exd5 e4 4. Qe2 Be7 5. Qxe4 Nf6 6. Qa4+ c6 7. Nc3 O-O 8.
dxc6 Nxc6 9. d4 a6 10. Bg5 b5 11. Bxb5 axb5 12. Qxa8 Qb6 13. Bxf6 Be6 14. Qxf8+
Bxf8 15. Be5 b4 16. Ne4 Nxe5 17. dxe5 Qc6 18. Nd6 Qxc2 19. O-O h6 20. Nd4 Qxb2
21. Nxe6 fxe6 22. f4 Be7 23. Rfd1 Kh7 24. g3 h5 25. Rab1 Qe2 26. Re1 Qd2 27.
Ne4 Qd4+ 28. Kg2 Qd5 29. Rb3 h4 30. Kf3 h3 31. Re2 Qd1 32. Nd6 Bxd6 33. exd6
Qxd6 34. Rbe3 Qd5+ 35. Kg4 Qf5+ 36. Kf3 Qd5+ 37. Re4 Kg6 38. g4 Kf6 39. Kg3
Qxa2 40. Rxe6+ Qxe6 41. g5+ Kf7 {Normal} 0-1

[Event "Rated Blitz game"]
[Site "?"]
[Date "2021.01.18"]
[Round "?"]
[White "WhisperingXylophone"]
[Black "jsequera"]
[Result "1-0"]
[WhiteElo "2456"]
[BlackElo "2400"]
[PlyCount "105"]
[EventDate "2021.??.??"]
[EventType "blitz"]

1. e4 e5 2. Nf3 d5 3. Nxe5 Bd6 4. d4 dxe4 5. Nc3 Bxe5 6. dxe5 Qxd1+ 7. Nxd1 Nc6
8. Bf4 Nge7 9. Nc3 Ng6 10. Bg3 Ncxe5 11. O-O-O Bg4 12. Rd5 f6 13. Nxe4 Ke7 14.
Nc5 Rad8 15. Rxd8 Rxd8 16. f3 Bc8 17. Be2 b6 18. Nd3 Rd5 19. Re1 Kf8 20. Nf4
Nxf4 21. Bxf4 g5 22. Bg3 Bf5 23. Bf1 Rc5 24. c3 a5 25. Bxe5 fxe5 26. Kd2 Kf7
27. Ke3 Kf6 28. Rd1 Ke7 29. Bd3 Bxd3 30. Rxd3 Rc6 31. Ke4 Rh6 32. h3 Ke6 33.
Rd8 Rh4+ 34. Ke3 Rf4 35. Rh8 Rf7 36. Ke4 Rf4+ 37. Ke3 Rf7 38. g3 Kf5 39. Re8
Rd7 40. g4+ Kf6 41. Ke4 Rd1 42. Rf8+ Ke7 43. Rf5 Rd2 44. Rxe5+ Kf7 45. Rb5 Rh2
46. Kf5 Rxh3 47. Kxg5 Rxf3 48. Kh6 Rf6+ 49. Kxh7 Rc6 50. g5 Rd6 51. Rf5+ Ke7
52. Rf2 Rd2 53. g6 {Time forfeit} 1-0

[Event "Rated Blitz game"]
[Site "?"]
[Date "2021.01.18"]
[Round "?"]
[White "nrm18"]
[Black "Mettigel"]
[Result "0-1"]
[WhiteElo "2400"]
[BlackElo "2413"]
[PlyCount "56"]
[EventDate "2021.??.??"]
[EventType "blitz"]

1. e4 e5 2. Nf3 d5 3. Nxe5 Bd6 4. d4 dxe4 5. Nc4 Nf6 6. Ne3 O-O 7. Be2 Re8 8.
c4 c6 9. Nc3 Nbd7 10. h3 Nf8 11. O-O Ng6 12. f3 Nf4 13. fxe4 Nxe2+ 14. Qxe2
Nxe4 15. Qd3 Nxc3 16. bxc3 Bd7 17. Rf3 Qh4 18. Nf1 Re1 19. Bg5 Rxf1+ 20. Raxf1
Qxg5 21. Rxf7 Be6 22. Rxb7 Rf8 23. Rxf8+ Bxf8 24. Qf1 Qe3+ 25. Kh1 Bd6 26. c5
Bf4 27. Rxa7 Bd5 28. Qb1 Qxh3+ {Normal} 0-1

[Event "Rated Blitz tournament 8nq0bYWB"]
[Site "?"]
[Date "2021.01.18"]
[Round "?"]
[White "Bulmaca_Rekoru1"]
[Black "vovaches"]
[Result "0-1"]
[WhiteElo "2207"]
[BlackElo "2580"]
[PlyCount "34"]
[EventDate "2021.??.??"]
[EventType "blitz"]

1. e4 e5 2. Nf3 d5 3. exd5 e4 4. Ne5 Qxd5 5. d4 exd3 6. Nxd3 Nf6 7. Nc3 Qf5 8.
Be3 Bd6 9. Be2 O-O 10. Qd2 Nc6 11. O-O-O Be6 12. h3 Rad8 13. g4 Qa5 14. Kb1 Ne4
15. Qe1 Nxc3+ 16. Qxc3 Qxa2+ 17. Kc1 Bb4 {Normal} 0-1

[Event "Rated Blitz game"]
[Site "?"]
[Date "2021.01.18"]
[Round "?"]
[White "BudimanHS_PKP"]
[Black "Winquitter"]
[Result "0-1"]
[WhiteElo "2376"]
[BlackElo "2418"]
[PlyCount "100"]
[EventDate "2021.??.??"]
[EventType "blitz"]

1. e4 e5 2. Nf3 d5 3. exd5 e4 4. Qe2 Be7 5. Qxe4 Nf6 6. Qa4+ c6 7. dxc6 Nxc6 8.
d4 O-O 9. Be2 Re8 10. O-O Bd6 11. Bb5 Bd7 12. Bg5 a6 13. Bxc6 Bxc6 14. Qb3 Rc8
15. Nbd2 b5 16. c3 h6 17. Bh4 Qd7 18. Bg3 Re2 19. Rfe1 Rce8 20. Rxe2 Rxe2 21.
Re1 Rxe1+ 22. Nxe1 Bxg3 23. hxg3 Ng4 24. Qd1 Qf5 25. Nef3 Qh5 26. Qe2 Qd5 27.
b3 g5 28. c4 bxc4 29. bxc4 Qf5 30. d5 Ba4 31. Qe4 Qc8 32. Ne5 Nf6 33. Qf3 Kg7
34. g4 Qb8 35. g3 Qb2 36. Qe3 Qxa2 37. Qd4 Qc2 38. Nef3 Bd7 39. Kg2 a5 40. c5
Bxg4 41. c6 a4 42. Nc4 a3 43. Nd6 a2 44. Ne8+ Kf8 45. Nxf6 Bxf3+ 46. Kxf3 Qf5+
47. Kg2 g4 48. c7 Qf3+ 49. Kg1 a1=Q+ 50. Qxa1 Qc3 {Time forfeit} 0-1

[Event "Rated Blitz game"]
[Site "?"]
[Date "2021.01.18"]
[Round "?"]
[White "hungzhao"]
[Black "Jomajo"]
[Result "1-0"]
[WhiteElo "2625"]
[BlackElo "2615"]
[PlyCount "95"]
[EventDate "2021.??.??"]
[EventType "blitz"]

1. e4 e5 2. Nf3 d5 3. d3 dxe4 4. dxe4 Qxd1+ 5. Kxd1 Bg4 6. Be3 Nd7 7. Nbd2 f6
8. h3 Bh5 9. Bc4 Ne7 10. g4 Bf7 11. a4 a6 12. c3 Nc8 13. b4 Nd6 14. Bxf7+ Kxf7
15. Ke2 Be7 16. h4 Rac8 17. h5 c5 18. Rhc1 Rc7 19. Rab1 Rhc8 20. b5 axb5 21.
axb5 c4 22. Nh4 Nc5 23. b6 Rc6 24. Bxc5 Rxc5 25. Nf5 Nxf5 26. exf5 Bd8 27. Rb4
R8c6 28. Rcb1 Ke7 29. Ne4 Rd5 30. h6 gxh6 31. Rh1 Rxb6 32. Rxb6 Bxb6 33. Rxh6
Bd8 34. Rxh7+ Ke8 35. Rxb7 Ra5 36. Rb4 Ra2+ 37. Kf3 Rc2 38. Rxc4 Be7 39. Rc6
Kd7 40. Re6 Kd8 41. Ke3 Rc1 42. g5 fxg5 43. f6 Bf8 44. Rxe5 Kd7 45. Kd2 Rf1 46.
f7 g4 47. Re8 Bh6+ 48. Ke2 {Normal} 1-0

[Event "Rated Blitz game"]
[Site "?"]
[Date "2021.01.18"]
[Round "?"]
[White "Yamine1"]
[Black "RiskyBlitzer"]
[Result "0-1"]
[WhiteElo "2301"]
[BlackElo "2453"]
[PlyCount "54"]
[EventDate "2021.??.??"]
[EventType "blitz"]

1. e4 e5 2. Nf3 d5 3. exd5 e4 4. Qe2 Nf6 5. d3 Be7 6. dxe4 O-O 7. Nc3 Re8 8.
Be3 Bb4 9. O-O-O Bxc3 10. bxc3 Nxe4 11. Qc4 Qd6 12. Qb3 Nd7 13. Bd3 Ndc5 14.
Bxc5 Nxc5 15. Qc4 b5 16. Qh4 Nxd3+ 17. Rxd3 Bf5 18. Re3 Qa3+ 19. Kd2 Qxa2 20.
Nd4 Qxd5 21. Qg5 g6 22. g4 c5 23. gxf5 cxd4 24. Rd3 dxc3+ 25. Kxc3 Rac8+ 26.
Kd2 Qxh1 27. f6 Qe1# {Normal} 0-1

[Event "Rated Blitz tournament 8nq0bYWB"]
[Site "?"]
[Date "2021.01.18"]
[Round "?"]
[White "RavanUghuzov-007"]
[Black "vovaches"]
[Result "0-1"]
[WhiteElo "2251"]
[BlackElo "2571"]
[PlyCount "51"]
[EventDate "2021.??.??"]
[EventType "blitz"]

1. e4 e5 2. Nf3 d5 3. Nc3 dxe4 4. Nxe4 Nf6 5. Nxf6+ Qxf6 6. d3 Bd6 7. Be2 O-O
8. Nd2 Nc6 9. Ne4 Qg6 10. Nxd6 cxd6 11. O-O d5 12. Bf3 Be6 13. g3 f5 14. Bg2
Rad8 15. f4 e4 16. dxe4 dxe4 17. Qe2 Nd4 18. Qf2 Bc4 19. Re1 Qh5 20. b3 Be2 21.
Bb2 Nf3+ 22. Bxf3 Bxf3 23. c4 Rd3 24. Be5 Rfd8 25. h4 Qg4 26. Qxa7 {Normal} 0-1

[Event "Rated Blitz tournament 8nq0bYWB"]
[Site "?"]
[Date "2021.01.18"]
[Round "?"]
[White "PhantomAnton"]
[Black "vovaches"]
[Result "1/2-1/2"]
[WhiteElo "2467"]
[BlackElo "2571"]
[PlyCount "64"]
[EventDate "2021.??.??"]
[EventType "blitz"]

1. e4 e5 2. Nf3 d5 3. Nc3 dxe4 4. Nxe4 Nf6 5. Nxf6+ Qxf6 6. d3 Bd6 7. Bg5 Qg6
8. Bh4 O-O 9. Bg3 Nc6 10. Be2 Re8 11. O-O Bg4 12. Nh4 Bxe2 13. Qxe2 Nd4 14. Qd2
Qf6 15. c3 g5 16. cxd4 gxh4 17. dxe5 Bxe5 18. Bxe5 Rxe5 19. Rfe1 Rg5 20. Re4
Qg6 21. g3 hxg3 22. hxg3 h5 23. Rae1 Kh7 24. R1e3 Rg8 25. Qc3 Rg7 26. Qxc7 b6
27. Rf4 Rc5 28. Qd8 Qc6 29. Re1 Rcg5 30. Re3 Rc5 31. Re1 Rcg5 32. Re3 Rc5 {
Normal} 1/2-1/2